00986nam a22002057a 4500003000900000008004100009020001800050040007100068082001700139100001800156245006100174260002900235300004000264440004800304505031800352650003600670650001500706650001500721700004400736AR-CdUCM190515b ||||| |||| 00| 0 spa d a84-309-0809-9 aMUNICIPALIDAD PROVINCIAL DEL CUSCOcBIBLIOTECA MUNICIPAL DEL CUSCO a338.9 /bD85 aDobb, Maurice aEnsayo sobre crecimiento económico y planificación / aMadrid :bTecnos,c1979. a126 páginas ;bdiagramas,c24 cm. aBiblioteca Tecnos de Ciencias Económicas. aContenido: Planificación -- Descontando el futuro -- Elección de técnica en el sector de bienes de consumo: un modelo simple -- Elección de técnica en el sector de inversión: extensión del modelo -- Distribución de la inversión entre sectores: un cambio de supuestos -- Relaciones de precios ... aDesarrollo económico y social aPolítica aEconomía aSánnchez Ayuso, Manuel (traducción)